00480 2200193 4500001002100000005001500021008004100036020002300077035001900100041000700119082000800126090001500134100002200149245002900171260003300200300002600233500001100259650001600270INLIS00000000000109820241224112303241224||||||||| | ||| |||| || |  aISBN 979-757-198-X 0010-1224001098 aid0 a370 a370. NAD m0 aHandrawan Nadesul00aMakanan Sehat Untuk Bayi aJakartabKawan Pustakac2007 aviii + 96 hlm.; 19 cm aCet. 1 0aIlmu Sosial